000 00303nam a22001097a 4500
999 _c13441
_d13441
082 _a297.63
100 _aمولانا صفی الرحمن مبارک پوری
245 _aالرحیق المختوم
260 _aلاہور
_b المکتبہ السلفیہ
_c2003
300 _a656 pages
942 _cBK